Tilastot visalle Hiihdon maailmancupin voittajat

Klikkaa tästä pelataksesi tätä visaa!

Yleistilastot

  • Tätä visaa on pelattu 45 kertaa
  • Keskiarvotulos 42 / 84

Vastaustilastot

KausiHiihtäjä% Oikein
N84-85Anette
Bøe
NOR
97%
M21-22Johannes Høsflot
Klæbo
NOR
95%
M22-23Johannes Høsflot
Klæbo
NOR
95%
M17-18Johannes Høsflot
Klæbo
NOR
95%
M18-19Johannes Høsflot
Klæbo
NOR
95%
M20-21Aleksandr
Bolšunov
RUS
92%
M19-20Aleksandr
Bolšunov
RUS
92%
N15-16Therese
Johaug
NOR
84%
N13-14Therese
Johaug
NOR
84%
N19-20Therese
Johaug
NOR
84%
N14-15Marit
Bjørgen
NOR
81%
N04-05Marit
Bjørgen
NOR
81%
N11-12Marit
Bjørgen
NOR
81%
N05-06Marit
Bjørgen
NOR
81%
N06-07Virpi
Kuitunen
FIN
78%
N07-08Virpi
Kuitunen
FIN
78%
N16-17Heidi
Weng
NOR
76%
N17-18Heidi
Weng
NOR
76%
N22-23Tiril Udnes
Weng
NOR
76%
M08-09Dario
Cologna
SUI
73%
M14-15Dario
Cologna
SUI
73%
M11-12Dario
Cologna
SUI
73%
M10-11Dario
Cologna
SUI
73%
M16-17Martin Johnsrud
Sundby
NOR
70%
M13-14Martin Johnsrud
Sundby
NOR
70%
M15-16Martin Johnsrud
Sundby
NOR
70%
M12-13Petter
Northug
NOR
68%
M09-10Petter
Northug
NOR
68%
N20-21Jessie
Diggins
USA
65%
M94-95Bjørn
Dæhlie
NOR
51%
M92-93Bjørn
Dæhlie
NOR
51%
M95-96Bjørn
Dæhlie
NOR
51%
M96-97Bjørn
Dæhlie
NOR
51%
M98-99Bjørn
Dæhlie
NOR
51%
M91-92Bjørn
Dæhlie
NOR
51%
M07-08Lukás
Bauer
CZE
49%
N85-86Marjo
Matikainen
FIN
49%
N87-88Marjo
Matikainen
FIN
49%
N86-87Marjo
Matikainen
FIN
49%
N83-84Marja-Liisa
Hämäläinen
FIN
46%
N82-83Marja-Liisa
Hämäläinen
FIN
46%
M88-89Gunde
Svan
SWE
43%
M87-88Gunde
Svan
SWE
43%
M85-86Gunde
Svan
SWE
43%
M83-84Gunde
Svan
SWE
43%
M84-85Gunde
Svan
SWE
43%
N88-89Jelena
Välbe
NL
43%
N96-97Jelena
Välbe
RUS
43%
N94-95Jelena
Välbe
RUS
43%
N91-92Jelena
Välbe
RUS
43%
N90-91Jelena
Välbe
NL
43%
N12-13Justyna
Kowalczyk
POL
43%
N10-11Justyna
Kowalczyk
POL
43%
N08-09Justyna
Kowalczyk
POL
43%
N09-10Justyna
Kowalczyk
POL
43%
M04-05Axel
Teichmann
GER
41%
M05-06Tobias
Angerer
GER
41%
M06-07Tobias
Angerer
GER
41%
M99-00Johann
Mühlegg
ESP
38%
M86-87Torgny
Mogren
SWE
35%
M90-91Vladimir
Smirnov
NL
35%
M93-94Vladimir
Smirnov
KAZ
35%
N18-19Ingvild Flugstad
Østberg
NOR
32%
N93-94Manuela
Di Centa
ITA
32%
N95-96Manuela
Di Centa
ITA
32%
M01-02Per
Elofsson
SWE
32%
M00-01Per
Elofsson
SWE
32%
N21-22Natalja
Neprjajeva
RUS
27%
N98-99Stefania
Belmondo
ITA
27%
N81-82Berit
Aunli
NOR
24%
M97-98Thomas
Alsgaard
NOR
22%
N01-02Bente
Skari
NOR
19%
N02-03Bente
Skari
NOR
19%
N99-00Bente
Skari
NOR
19%
M81-82Bill
Koch
USA
19%
N97-98Larisa
Lazutina
RUS
19%
N89-90Larisa
Lazutina
NL
19%
M89-90Vegard
Ulvang
NOR
19%
N92-93Ljubov
Jegorova
RUS
16%
M03-04René
Sommerfeldt
GER
16%
N00-01Julija
Tšepalova
RUS
11%
M02-03Mathias
Fredriksson
SWE
11%
N03-04Gabriella
Paruzzi
ITA
5%
M82-83Alexander
Savjalov
NL
0%

Tulosjakauma

Persentiili vastausten määrän mukaan

Jokaisen tuloksen saaneiden osuus

Tuloshistoriasi

Et ole pelannut tätä visaa